000 00377nam a2200145Ia 4500
008 210210b1989 xxu||||| |||| 00| 0 eng d
082 _a613.7 SHAH
100 _aSHARMA (L M).
245 _aHealth and physical education.
260 _aDelhi
_bDhanpat Rai & sons
_c1989
300 _a200
650 _aHealth physical education
690 _aPhysical Fitness
906 _a045048
999 _c94442
_d94442